[Event "Najdorf 2017"]
[Site "Warsaw POL"]
[Date "2017.07.10"]
[Round "2.16"]
[White "Markowski, Tomasz"]
[Black "Teclaf, Pawel"]
[Result "1/2-1/2"]
[WhiteElo "2557"]
[BlackElo "2372"]

1. g3 d5 2. Nf3 Nf6 3. Bg2 g6 4. c4 Bg7 5. Qa4+ Nbd7 6. cxd5 O-O 7. O-O
Nxd5 8. Nc3 N7b6 9. Qa5 c6 10. d4 Bg4 11. Rd1 Nxc3 12. bxc3 Qd5 13. Qa3 Qh5
14. Bf4 Nd5 15. Bd2 e5 16. dxe5 Bxf3 17. Bxf3 Qxe5 18. Rab1 Nb6 19. Be1
Rfe8 20. Kg2 Qe7 21. Qb3 Qc5 22. Rd3 Rad8 23. Rbd1 Rxd3 24. exd3 Qf5 25. d4
Re6 26. Qb1 Qxb1 27. Rxb1 Re7 28. Kf1 Rd7 29. Ke2 Bh6 30. Be4 Kf8 31. Bd3
Ke7 32. h4 Kd8 33. Bc2 Nc4 34. Bb3 Nd6 35. Kf3 Kc7 36. a4 f5 37. Ke2 Re7+
38. Kd3 Re8 39. Rd1 Bg7 40. Bd2 Ne4 41. Be1 Bf8 42. f3 Nf6 43. Bf2 a5 44.
Rg1 b6 45. Bc4 Bd6 46. Kc2 Re7 47. Bd3 Re8 48. Kd2 Nh5 49. Bc4 Nf6 50. Rb1
Nh5 51. Rg1 Nf6 52. Bd3 Nh5 53. Kc2 Re7 54. Bc4 Nf6 55. Kd1 Re8 56. Bd3 Nh5
57. Bc4 Nf6 1/2-1/2

[Event "Najdorf 2017"]
[Site "Warsaw POL"]
[Date "2017.07.10"]
[Round "2.17"]
[White "Omar, Noaman"]
[Black "Kveinys, Aloyzas"]
[Result "0-1"]
[WhiteElo "2354"]
[BlackElo "2542"]

1. d4 Nf6 2. c4 e6 3. Nc3 Bb4 4. Qc2 O-O 5. Nf3 c5 6. dxc5 Bxc5 7. Bg5 b6
8. e3 Bb7 9. Be2 a6 10. O-O Be7 11. Rfd1 d6 12. Rd2 Nbd7 13. Rad1 Qc7 14.
Bf4 e5 15. Bg5 g6 16. Qb1 Rfe8 17. h3 Bf8 18. e4 Rac8 19. Nh2 Qc6 20. Nd5
Nxd5 21. cxd5 Qc7 22. Ng4 h5 23. Nh2 Kh7 24. g4 Bh6 25. Bxh6 Kxh6 26. gxh5
gxh5 27. Kh1 Rg8 28. Qd3 Qd8 29. Qe3+ Qg5 30. Qxg5+ Kxg5 31. Rd3 Nc5 32.
Rf3 Nxe4 33. Rxf7 Kh6 34. Nf1 Rcf8 35. Rxf8 Rxf8 36. Kg1 Nxf2 37. Rd2 Nxh3+
38. Kh2 Ng5 39. Ne3 Rf3 40. Nc4 Rf2+ 41. Kg1 Nh3+ 42. Kh1 Nf4 0-1

[Event "Najdorf 2017"]
[Site "Warsaw POL"]
[Date "2017.07.10"]
[Round "2.18"]
[White "Warakomski, Tomasz"]
[Black "Zylka, Stanislaw"]
[Result "1-0"]
[WhiteElo "2518"]
[BlackElo "2368"]

1. e4 e5 2. Nf3 Nc6 3. Bb5 a6 4. Bxc6 dxc6 5. O-O Bg4 6. h3 h5 7. d3 Qf6 8.
Be3 Bxf3 9. Qxf3 Qxf3 10. gxf3 Bd6 11. Nd2 Ne7 12. Rfb1 Ng6 13. b4 f6 14.
Kf1 Kf7 15. Nc4 Rhb8 16. Na5 Nf8 17. c3 Ne6 18. d4 exd4 19. cxd4 Nf4 20.
Bxf4 Bxf4 21. a3 Ra7 22. Ra2 Rd8 23. Rd1 Kg6 24. Rc2 Kg5 25. Rc5+ Kh4 26.
Nc4 g6 27. Ne3 Kxh3 28. Ke2 Bxe3 29. fxe3 Kh4 30. Rh1+ Kg3 31. Rcc1 1-0

[Event "Najdorf 2017"]
[Site "Warsaw POL"]
[Date "2017.07.10"]
[Round "2.19"]
[White "Lagunow, Raphael"]
[Black "Golubov, Saveliy"]
[Result "0-1"]
[WhiteElo "2348"]
[BlackElo "2516"]

1. e4 c5 2. Nf3 e6 3. c3 Nc6 4. d4 d5 5. exd5 exd5 6. Be3 cxd4 7. Bxd4 Nf6
8. Bb5 Be7 9. Ne5 Qd6 10. Qa4 Bd7 11. Nxd7 Nxd7 12. O-O O-O 13. Be3 a6 14.
Be2 Bf6 15. Rd1 Nc5 16. Qa3 d4 17. Bf3 Rad8 18. Bxc6 Qxc6 19. cxd4 Ne6 20.
d5 Rxd5 21. Rxd5 Qxd5 22. Nc3 Qh5 23. Ne4 Be5 24. Ng3 Qg6 25. Qb4 h5 26.
Re1 b5 27. b3 Rc8 28. Qh4 Rc2 29. a4 Rb2 30. axb5 axb5 31. Nxh5 Rb1 32. f4
Bc3 0-1

[Event "Najdorf 2017"]
[Site "Warsaw POL"]
[Date "2017.07.10"]
[Round "2.27"]
[White "Thybo, Jesper Sondergaard"]
[Black "Rahul, Srivatshav P"]
[Result "1-0"]
[WhiteElo "2465"]
[BlackElo "2295"]

1. Nf3 Nf6 2. g3 g6 3. Bg2 Bg7 4. O-O O-O 5. d4 d6 6. c4 Nc6 7. Nc3 a6 8.
h3 Bd7 9. e4 e5 10. dxe5 dxe5 11. Be3 Be6 12. b3 h6 13. Qc1 Kh7 14. Rd1 Qc8
15. Kh2 Rd8 16. Qc2 Rxd1 17. Rxd1 Qf8 18. Nd5 Rc8 19. Qb1 Nd7 20. b4 Ne7
21. Nh4 Kg8 22. Bf1 Nc6 23. Nf3 Ne7 24. c5 c6 25. Nb6 Nxb6 26. cxb6 f5 27.
Bc5 Qf7 28. Nd2 Rd8 29. Nc4 Rxd1 30. Qxd1 Bxc4 31. Qd8+ Bf8 32. Bxc4 Qxc4
33. Bxe7 Qf7 34. Bc5 f4 35. g4 f3 36. h4 Qf4+ 37. Kh3 Qf7 38. g5 h5 39. a3
Qf4 40. Qxf8+ Qxf8 41. Bxf8 Kxf8 42. Kg3 Ke7 43. Kxf3 Ke6 44. Ke3 Kd6 45.
Kd3 Ke6 46. Kc3 Kd7 47. Kb3 Ke6 48. Ka4 Kd7 49. Ka5 Ke6 50. Ka4 Kd7 51. Kb3
Ke6 52. Kc4 Kd6 53. a4 Kd7 54. Kc5 Ke6 55. a5 Kd7 56. b5 axb5 57. f4 exf4
58. a6 bxa6 59. e5 f3 60. e6+ 1-0

[Event "Najdorf 2017"]
[Site "Warsaw POL"]
[Date "2017.07.10"]
[Round "2.28"]
[White "Miroshnichenko, Pavel"]
[Black "Efimenko, Zahar"]
[Result "0-1"]
[WhiteElo "2294"]
[BlackElo "2643"]

1. e4 d6 2. d4 g6 3. Nc3 Bg7 4. Nf3 Nf6 5. Be2 a6 6. O-O O-O 7. h3 e6 8.
Bg5 h6 9. Be3 b5 10. e5 dxe5 11. Nxe5 Bb7 12. Bf3 Qc8 13. a4 b4 14. Na2 a5
15. c3 bxc3 16. Nxc3 Na6 17. Nc6 Bxc6 18. Bxc6 Rb8 19. Nb5 Nb4 20. Rc1 Nfd5
21. Qd2 Nxe3 22. fxe3 Rb6 23. Be4 c6 24. Rc5 Qb8 25. Na3 Nd5 26. Nc4 Rb4
27. Rxc6 Rxa4 28. b3 Qxb3 29. Bc2 Qa2 30. Bxa4 Qxa4 31. Rc5 Qb3 32. Kh1 a4
33. Rc1 Bf6 34. Rd1 Nc3 35. Rc1 Ne4 36. Qa5 Nxc5 37. Qxc5 Bg5 38. Re1 Qc3
39. Re2 Be7 40. Qc6 a3 41. Qa4 Qb4 42. Qa6 Qb1+ 43. Kh2 Qb8+ 44. Kg1 Qa8
45. Qxa8 Rxa8 46. Ra2 Rc8 47. Ne5 Rc3 48. Kf2 Bg5 49. Nf3 Bxe3+ 50. Ke2 Bc1
51. Ne5 Bb2 0-1

[Event "Najdorf 2017"]
[Site "Warsaw POL"]
[Date "2017.07.10"]
[Round "2.29"]
[White "Sengupta, Deep"]
[Black "Mulet, Piotr"]
[Result "1-0"]
[WhiteElo "2596"]
[BlackElo "2307"]

1. Nf3 Nf6 2. c4 g6 3. Nc3 c6 4. e4 Bg7 5. d4 d6 6. Be2 O-O 7. O-O Qc7 8.
h3 e5 9. dxe5 dxe5 10. c5 Nbd7 11. Be3 Nh5 12. b4 Nf4 13. Bc4 b6 14. Qc2
bxc5 15. bxc5 Nf6 16. Rfd1 N6h5 17. Rd6 Qe7 18. Rad1 Bxh3 19. gxh3 Nxh3+
20. Kf1 g5 21. Rxc6 g4 22. Nd5 Qe8 23. Nh4 Kh8 24. Rc7 N3f4 25. Nf5 Ne6 26.
Re7 Qc8 27. Qa4 Nd4 28. Ba6 Qb8 29. Nxg7 Nxg7 30. Bb7 Nge6 31. Rxd4 1-0

[Event "Najdorf 2017"]
[Site "Warsaw POL"]
[Date "2017.07.10"]
[Round "2.30"]
[White "Zhigalko, Andrey"]
[Black "Schroeder, Kevin"]
[Result "1-0"]
[WhiteElo "2564"]
[BlackElo "2321"]

1. c4 Nf6 2. Nc3 c5 3. Nf3 d5 4. cxd5 Nxd5 5. d4 Nxc3 6. bxc3 e6 7. e3 Qc7
8. Bb2 Nc6 9. Bd3 Be7 10. O-O O-O 11. Qc2 h6 12. Rad1 Rd8 13. Bh7+ Kh8 14.
Be4 Bf6 15. dxc5 e5 16. c4 Be6 17. Bd5 Nb4 18. Qb3 Na6 19. Qxb7 Qxb7 20.
Bxb7 Rxd1 21. Rxd1 Rb8 22. c6 Nc5 23. Bxe5 Bxe5 24. Nxe5 f6 25. Nd7 Bxd7
26. cxd7 Nxb7 27. Rb1 Kh7 28. g3 Kg6 29. Rxb7 1-0

[Event "Najdorf 2017"]
[Site "Warsaw POL"]
[Date "2017.07.10"]
[Round "2.32"]
[White "Socko, Monika"]
[Black "Siekanski, Janusz"]
[Result "1-0"]
[WhiteElo "2480"]
[BlackElo "2287"]

1. d4 d5 2. c4 e6 3. Nc3 c5 4. cxd5 exd5 5. Nf3 Nc6 6. g3 Nf6 7. Bg2 Be7 8.
O-O O-O 9. dxc5 Bxc5 10. a3 Ne4 11. Nxd5 Be6 12. Nc3 Qxd1 13. Nxd1 Bb3 14.
Nd2 Nxd2 15. Bxd2 Rad8 16. Bf4 Nd4 17. Nc3 b6 18. Rac1 h6 19. e3 Ne6 20.
Ne4 Rd3 21. Nxc5 bxc5 22. Be5 Rfd8 23. Be4 R3d7 24. Bc2 Bd5 25. f4 c4 26.
Ba4 Nc5 27. Bxd7 Rxd7 28. Bd4 Nd3 29. Rc2 f5 30. Rd1 Rb7 31. b4 Kf7 32. Rc3
a6 33. Kf1 g6 34. Ke2 Ke6 35. g4 fxg4 36. Rdxd3 cxd3+ 37. Kxd3 Bg2 38. e4
Bf1+ 39. Ke3 Bb5 40. Rc8 Re7 41. Rg8 Be8 42. Bc5 Kf7 43. Rh8 Kg7 44. Bd4+
Kf7 45. Rh7+ Ke6 46. Rxh6 Kd7 47. Rh4 Ke6 48. Rxg4 Rc7 49. Bc5 Rh7 50. h4
Rh5 51. Kd2 Kf7 52. Bf2 Bc6 53. Ke3 Rh8 54. Rg5 Re8 55. e5 Rh8 56. h5 Rxh5
57. Rxh5 gxh5 58. f5 Bb7 59. Bh4 Bc8 60. Ke4 Bd7 1-0

[Event "Najdorf 2017"]
[Site "Warsaw POL"]
[Date "2017.07.10"]
[Round "2.34"]
[White "Yogesh, Gautam"]
[Black "Gusain, Himal"]
[Result "0-1"]
[WhiteElo "2243"]
[BlackElo "2461"]

1. e4 c5 2. Nf3 e6 3. d4 cxd4 4. Nxd4 Nc6 5. Nc3 a6 6. f4 Nxd4 7. Qxd4 b5
8. Be3 Bb7 9. Be2 Rc8 10. a3 Nf6 11. O-O Bc5 12. Qd3 Qb6 13. Bxc5 Qxc5+ 14.
Kh1 d5 15. e5 Ne4 16. Nxe4 dxe4 17. Qg3 O-O 18. c3 Rcd8 19. Rad1 e3 20. Bd3
Be4 21. Bxe4 e2 22. Rde1 exf1=Q+ 23. Rxf1 Rd2 24. f5 exf5 25. Bxf5 g6 26.
h4 Re2 27. e6 fxe6 28. Qg4 Qc4 0-1

[Event "Najdorf 2017"]
[Site "Warsaw POL"]
[Date "2017.07.10"]
[Round "2.36"]
[White "Jarmula, Lukasz"]
[Black "Othman, A. Moussa"]
[Result "1-0"]
[WhiteElo "2444"]
[BlackElo "2277"]

1. e4 e6 2. d4 d5 3. Nc3 dxe4 4. Nxe4 Nd7 5. Nf3 Ngf6 6. Nxf6+ Nxf6 7. c3
c5 8. Ne5 a6 9. Qa4+ Bd7 10. Nxd7 Qxd7 11. Qxd7+ Nxd7 12. Be3 cxd4 13. Bxd4
e5 14. Be3 Bc5 15. Bxc5 Nxc5 16. O-O-O Rd8 17. Bc4 Rxd1+ 18. Rxd1 Ke7 19.
Bd5 b6 20. b4 Ne6 21. Bb7 Nc7 22. Kc2 Rb8 23. Bc6 Rd8 24. Rxd8 Kxd8 25. g4
Ke7 26. Bb7 h6 27. c4 Kd6 28. Kd3 g6 29. Ke4 a5 30. c5+ bxc5 31. bxa5 c4
32. a4 f5+ 33. gxf5 gxf5+ 34. Kxf5 c3 35. Be4 Na6 36. h4 Nc5 37. Bc2 e4 38.
Kf4 Kd5 39. Ke3 Kc4 40. h5 Kb4 41. Kd4 Nb3+ 42. Kxe4 Nxa5 43. Kf5 Ka3 44.
Kg6 Kb2 45. Bf5 1-0

[Event "Najdorf 2017"]
[Site "Warsaw POL"]
[Date "2017.07.10"]
[Round "2.37"]
[White "Shvayger, Yuliya"]
[Black "Michalczak, Thomas"]
[Result "1-0"]
[WhiteElo "2434"]
[BlackElo "2239"]

1. d4 d5 2. Bf4 Nf6 3. e3 Bf5 4. c3 c6 5. Nd2 e6 6. Ngf3 Qb6 7. Qb3 Nbd7 8.
Nh4 Qxb3 9. axb3 Bc2 10. Rc1 Be4 11. f3 Bg6 12. Nxg6 hxg6 13. g4 Be7 14. b4
Nb6 15. Nb3 Nc4 16. Bxc4 dxc4 17. Na5 b5 18. e4 Kd7 19. b3 Rh3 20. Kf2 cxb3
21. Nxb3 Ne8 22. Ra1 f5 23. gxf5 gxf5 24. Kg2 Rh7 25. Ra6 g5 26. Be5 Bd6
27. Rha1 Nc7 28. Rxa7 Bxe5 29. Nc5+ Kc8 30. Rxa8+ Nxa8 31. Rxa8+ Bb8 32. e5
1-0

[Event "Najdorf 2017"]
[Site "Warsaw POL"]
[Date "2017.07.10"]
[Round "2.38"]
[White "Szostko, Jakub"]
[Black "Percivaldi, Martin"]
[Result "0-1"]
[WhiteElo "2208"]
[BlackElo "2433"]

1. e4 e6 2. d4 d5 3. Nc3 Nf6 4. e5 Nfd7 5. f4 c5 6. Nf3 Nc6 7. Be3 a6 8.
Qd2 b5 9. dxc5 Bxc5 10. Bd3 Qb6 11. Bf2 h6 12. O-O Bxf2+ 13. Rxf2 Nc5 14.
a3 O-O 15. Re1 b4 16. axb4 Qxb4 17. Nd1 Qxd2 18. Rxd2 a5 19. Nf2 Ba6 20.
Bxa6 Rxa6 21. Nd4 Rb8 22. b3 a4 23. bxa4 Rb4 24. Nxc6 Rxc6 25. Nd3 Rd4 26.
a5 Ne4 27. Rde2 Nc3 28. Rf2 Ra4 29. a6 Rcxa6 30. f5 Ne4 31. Rf4 Rc6 32.
fxe6 fxe6 33. Nf2 Nc3 34. Rxa4 Nxa4 35. Re2 Nc3 36. Re1 Nb5 37. Rb1 Rxc2
38. Rxb5 Rc1+ 39. Nd1 Rxd1+ 40. Kf2 Rd2+ 41. Kf3 Rd3+ 42. Kf2 Rd4 43. Rb8+
Kf7 44. Rb7+ Kg6 45. Re7 Kf5 46. Rxg7 Kxe5 47. Rh7 Rf4+ 48. Ke3 Rf6 49. Rd7
Rf8 50. Rh7 Rf6 51. Rd7 Rg6 52. g3 Rf6 53. Rd8 Rf7 54. Rh8 d4+ 55. Ke2 Rf6
56. Kd3 Rf3+ 57. Ke2 Ke4 58. Rxh6 d3+ 59. Kd2 Rf2+ 60. Ke1 Re2+ 61. Kd1 e5
62. g4 Rg2 63. g5 Rxg5 64. Rh4+ Ke3 65. Rh3+ Kd4 66. Rh7 e4 67. Rh8 Rf5 68.
Ke1 Ke3 69. Rd8 d2+ 70. Rxd2 Rf1+ 71. Kxf1 Kxd2 72. h4 e3 73. h5 e2+ 74.
Kg2 e1=Q 0-1

[Event "Najdorf 2017"]
[Site "Warsaw POL"]
[Date "2017.07.10"]
[Round "2.39"]
[White "Hnydiuk, Aleksander"]
[Black "Sahil, Tickoo"]
[Result "1-0"]
[WhiteElo "2422"]
[BlackElo "2234"]

1. Nf3 d5 2. d4 Nf6 3. c4 e6 4. g3 Bb4+ 5. Bd2 Bd6 6. Nc3 O-O 7. Bg5 c6 8.
Bg2 Nbd7 9. e4 dxe4 10. Nxe4 Bb4+ 11. Nc3 h6 12. Bd2 Re8 13. O-O e5 14. Re1
exd4 15. Rxe8+ Qxe8 16. Nxd4 Qf8 17. a3 Bc5 18. Bf4 g5 19. Be3 Ne5 20. b4
Be7 21. Qe2 a5 22. b5 c5 23. Nf3 Ng6 24. Nd2 Ng4 25. Nd5 Rb8 26. b6 Bd7 27.
Re1 Re8 28. Qd1 Bd8 29. Ne4 Nxe3 30. Ndf6+ Kh8 31. Rxe3 Bxf6 32. Nxf6 Rxe3
33. Nxd7 Qe7 34. fxe3 Qxe3+ 35. Kh1 Qxa3 36. Bxb7 Qb4 37. Bg2 1-0

[Event "Najdorf 2017"]
[Site "Warsaw POL"]
[Date "2017.07.10"]
[Round "2.48"]
[White "Lalith, Babu M R"]
[Black "Kukawski, Maciej"]
[Result "1-0"]
[WhiteElo "2530"]
[BlackElo "2285"]

1. d4 d5 2. Nf3 e6 3. c4 c6 4. g3 dxc4 5. Bg2 b5 6. Ne5 Bb7 7. O-O f6 8.
Nf3 c5 9. Be3 Ne7 10. a4 b4 11. Nbd2 cxd4 12. Nxd4 Bxg2 13. Kxg2 Nbc6 14.
Nxc6 Qd5+ 15. Kg1 Nxc6 16. Qc2 Ne5 17. Rfd1 a5 18. Rac1 Rc8 19. Bf4 c3 20.
Nb3 Qc6 21. Nd4 Qb6 22. Qb3 Bc5 23. Nxe6 Bxf2+ 24. Kg2 Be3 25. Nxg7+ Kf8
26. Bxe3 Qxe3 27. Ne6+ Ke7 28. Nf4 Qe4+ 29. Kg1 Ng4 30. Nd5+ Kf8 31. Qc2
Qe5 32. bxc3 bxc3 33. Qd3 Rd8 34. Qf3 Rg8 35. Rxc3 Rg6 36. Rcd3 Qh5 37. h4
Re8 38. Nf4 Qc5+ 39. Kg2 Rg7 40. Rd8 Ne3+ 41. Kh2 Re7 42. R1d7 Rxd8 43.
Rxd8+ Kf7 44. Qa8 Ra7 45. Qe4 Ng4+ 46. Kg2 1-0

[Event "Najdorf 2017"]
[Site "Warsaw POL"]
[Date "2017.07.10"]
[Round "2.53"]
[White "Zochowski, Kacper"]
[Black "Pacan-milej, Kosma"]
[Result "1/2-1/2"]
[WhiteElo "2240"]
[BlackElo "2332"]

1. c4 c6 2. g3 d5 3. Bg2 Nf6 4. Nf3 dxc4 5. a4 g6 6. Na3 Bg7 7. Nxc4 Be6 8.
b3 O-O 9. Bb2 a5 10. O-O Nbd7 11. Rc1 Qc7 12. d4 Rfd8 13. Ba3 Bf8 14. e3
Bd5 15. Qe2 Ne4 16. Ne1 e5 17. Bxf8 Kxf8 18. Qb2 exd4 19. Qxd4 Bxc4 20.
Rxc4 Nef6 21. Nf3 Kg7 22. Qb2 Nb6 23. Rf4 Nd5 24. Rd4 Nb4 25. Rfd1 Rxd4 26.
Qxd4 Re8 27. h3 Re7 28. Kh2 Rd7 29. Qa1 Rxd1 30. Qxd1 Qd7 31. Qa1 Qd6 32.
Ne5 Nd3 33. Nc4 1/2-1/2

[Event "Najdorf 2017"]
[Site "Warsaw POL"]
[Date "2017.07.10"]
[Round "2.55"]
[White "Kowalski, Igor"]
[Black "Baskin, Robert"]
[Result "1/2-1/2"]
[WhiteElo "2226"]
[BlackElo "2330"]

1. d4 Nf6 2. c4 e6 3. Nc3 Bb4 4. Qc2 b6 5. e4 c5 6. d5 Qe7 7. Ne2 exd5 8.
exd5 d6 9. Bg5 Nbd7 10. O-O-O h6 11. Bh4 O-O 12. a3 Ba5 13. Na2 b5 14. cxb5
a6 15. Nec3 Re8 16. bxa6 Bxa6 17. Bxa6 Rxa6 18. f3 Qe3+ 19. Qd2 Nxd5 20.
Qxe3 Nxe3 21. Rhe1 Re6 22. Rd2 Nf5 23. Rxe6 fxe6 24. Bf2 Bxc3 25. Nxc3 d5
26. Nxd5 1/2-1/2

[Event "Najdorf 2017"]
[Site "Warsaw POL"]
[Date "2017.07.10"]
[Round "2.57"]
[White "Walter, Szymon"]
[Black "Paszewski, Mateusz"]
[Result "0-1"]
[WhiteElo "2220"]
[BlackElo "2323"]

1. e4 c6 2. d4 d5 3. e5 Bf5 4. Ne2 e6 5. Ng3 Bg6 6. c3 c5 7. Bb5+ Nc6 8.
O-O Qb6 9. Ba4 cxd4 10. cxd4 Ne7 11. Nc3 h5 12. Nge2 Bf5 13. Bg5 Ng6 14.
Rc1 Rc8 15. Qd2 h4 16. h3 Rh5 17. a3 f6 18. Be3 Rh8 19. b4 Kf7 20. Qa2 Qd8
21. Rfd1 Be7 22. Bb3 Qd7 23. Nxd5 exd5 24. Bxd5+ Kf8 25. e6 Qd8 26. Bb3 Bd6
27. d5 Nce7 28. Nd4 a6 29. b5 Ne5 30. bxa6 bxa6 31. f4 Rxc1 32. Rxc1 Nd3
33. Rc3 Nxf4 34. Nxf5 Nxf5 35. Qc2 Ne7 36. Qd2 g5 37. Qc2 Kg7 38. Bxf4 Bxf4
39. Qe4 Qb6+ 40. Kf1 Rd8 41. Rd3 Rc8 42. Ke2 Rc1 43. Qd4 Qd6 44. a4 Nf5 0-1

[Event "Najdorf 2017"]
[Site "Warsaw POL"]
[Date "2017.07.11"]
[Round "3.1"]
[White "Fridman, Daniel"]
[Black "Kveinys, Aloyzas"]
[Result "1/2-1/2"]
[WhiteElo "2635"]
[BlackElo "2542"]

1. d4 Nf6 2. c4 e6 3. Nc3 Bb4 4. Nf3 c5 5. g3 Ne4 6. Qd3 Qa5 7. Qxe4 Bxc3+
8. Bd2 Bxd2+ 9. Nxd2 O-O 10. Bg2 d5 11. cxd5 exd5 1

[Event "Najdorf 2017"]
[Site "Warsaw POL"]
[Date "2017.07.11"]
[Round "3.1"]
[White "Fridman, Daniel"]
[Black "Kveinys, Aloyzas"]
[Result "1/2-1/2"]
[WhiteElo "2635"]
[BlackElo "2542"]

1. d4 Nf6 2. c4 e6 3. Nc3 Bb4 4. Nf3 c5 5. g3 Ne4 6. Qd3 Qa5 7. Qxe4 Bxc3+
8. Bd2 Bxd2+ 9. Nxd2 O-O 10. Bg2 d5 11. cxd5 exd5 12. Qd3 Nc6 13. dxc5 Nb4
14. Qb1 Qxc5 15. O-O Bg4 16. a3 Nc6 17. e3 d4 18. Nb3 Qb6 19. Nxd4 Nxd4 20.
exd4 Qxd4 21. Qe4 Qxe4 22. Bxe4 Rac8 1/2-1/2

[Event "Najdorf 2017"]
[Site "Warsaw POL"]
[Date "2017.07.11"]
[Round "3.2"]
[White "Golubov, Saveliy"]
[Black "Piorun, Kacper"]
[Result "1/2-1/2"]
[WhiteElo "2516"]
[BlackElo "2632"]

1. d4 Nf6 2. Nf3 e6 3. Bf4 d5 4. e3 c5 5. c3 Nc6 6. Nbd2 Bd6 7. Bg3 O-O 8.
Bd3 b6 9. Qe2 Bb7 10. Rd1 g6 11. e4 Nh5 12. e5 Be7 13. a3 f5 14. exf6 Bxf6
15. Nf1 cxd4 16. cxd4 Bg7 17. Bb5 Qe8 18. Bd6 Rf4 19. Ne3 Re4 20. O-O a6
21. Bxc6 Bxc6 22. Qc2 Bb5 23. Rfe1 Rc8 24. Qb1 Qd7 25. Be5 Nf4 26. Ng5 Ne2+
27. Kh1 Rxd4 28. Bxg7 Qxg7 29. Nxe6 Rxd1 30. Qxd1 Qe5 31. Qxd5 Qxd5 32.
Nxd5 Rc2 33. b3 Rd2 34. Nec7 Nd4 35. a4 Be2 36. Nxb6 Nxb3 37. h3 1/2-1/2

[Event "Najdorf 2017"]
[Site "Warsaw POL"]
[Date "2017.07.11"]
[Round "3.3"]
[White "Edouard, Romain"]
[Black "Warakomski, Tomasz"]
[Result "1/2-1/2"]
[WhiteElo "2622"]
[BlackElo "2518"]

1. c4 e5 2. Nc3 Nf6 3. g3 c6 4. Nf3 e4 5. Nd4 Qb6 6. Nb3 a5 7. d3 a4 8. Nd2
exd3 9. Bg2 a3 10. Rb1 d5 11. cxd5 Qa6 12. O-O Bb4 13. exd3 O-O 14. dxc6
Nxc6 15. Nde4 Nxe4 16. Nxe4 Rd8 17. bxa3 Bxa3 18. Be3 Be7 19. Qh5 Qxd3 20.
Bb6 Re8 21. Rbd1 Qa6 22. Bc5 Be6 23. Bxe7 Rxe7 24. Ng5 Bf5 25. Rd6 Qa3 26.
Rfd1 Rf8 27. Bd5 Ne5 28. Bb3 h6 29. Nxf7 Rexf7 30. Qxf5 Qxb3 31. Qxe5 Qxa2
32. R6d2 1/2-1/2

[Event "Najdorf 2017"]
[Site "Warsaw POL"]
[Date "2017.07.11"]
[Round "3.4"]
[White "Kanarek, Marcel"]
[Black "Dragun, Kamil"]
[Result "1/2-1/2"]
[WhiteElo "2509"]
[BlackElo "2621"]

1. e4 e5 2. Nf3 Nf6 3. d4 Nxe4 4. Bd3 d5 5. Nxe5 Nd7 6. Nc3 Nxe5 7. dxe5
Nxc3 8. bxc3 Bc5 9. Qh5 g6 10. Qh6 Bf8 11. Qf4 Qe7 12. O-O Bg7 13. Qa4+ Bd7
14. Qb3 O-O-O 15. Rb1 Bc6 16. f4 Qc5+ 17. Kh1 Rhe8 18. Re1 b6 19. Be3 Qa5
20. Bd4 Bf8 21. a4 Kb7 22. Ra1 Bd7 23. c4 dxc4 24. Be4+ Kb8 25. Qf3 Be6 26.
Bc3 Qc5 27. a5 b5 28. Red1 Be7 29. a6 Qb6 30. Rxd8+ Rxd8 31. Ba5 Qc5 32. c3
Bf8 33. Bb4 Qb6 34. Ba5 Qc5 35. Bb4 Qb6 36. Ba5 Qc5 37. Bb4 1/2-1/2

[Event "Najdorf 2017"]
[Site "Warsaw POL"]
[Date "2017.07.11"]
[Round "3.5"]
[White "Jumabayev, Rinat"]
[Black "Annaberdiev, Meilis"]
[Result "1-0"]
[WhiteElo "2620"]
[BlackElo "2485"]

1. e4 c6 2. d4 d5 3. exd5 cxd5 4. Bd3 Nc6 5. c3 Qc7 6. Ne2 Bg4 7. O-O e6 8.
Qe1 Bxe2 9. Qxe2 Bd6 10. g3 Nf6 11. Nd2 O-O 12. Nf3 Rfe8 13. Bg5 Nd7 14.
Rad1 a6 15. Rfe1 b5 16. Bc1 h6 17. Nh4 Nf6 18. Ng2 b4 19. Ne3 bxc3 20. bxc3
Bf8 21. Ng4 Nxg4 22. Qxg4 Kh8 23. c4 Nb4 24. c5 Nxd3 25. Rxd3 Qa5 26. Qe2
Qa4 27. Bf4 f6 28. h4 Rac8 29. Rc1 Qb5 30. Be3 e5 31. Qd1 exd4 32. Bxd4
Re1+ 33. Qxe1 Qxd3 34. Qe6 Rb8 35. c6 Rb1 36. Rxb1 Qxb1+ 37. Kg2 Qc2 38.
Qxd5 Bb4 39. Bb6 Be1 40. Qe6 1-0

[Event "Najdorf 2017"]
[Site "Warsaw POL"]
[Date "2017.07.11"]
[Round "3.6"]
[White "Tomczak, Jacek"]
[Black "Nihal, Sarin"]
[Result "1-0"]
[WhiteElo "2596"]
[BlackElo "2471"]

1. e4 c6 2. d4 d5 3. Nc3 dxe4 4. Nxe4 Bf5 5. Ng3 Bg6 6. h4 h6 7. Nf3 e6 8.
h5 Bh7 9. Bd3 Bxd3 10. Qxd3 Nf6 11. Ne5 Qa5+ 12. Bd2 Qa6 13. c4 Nbd7 14.
O-O Rd8 15. Ng6 Rh7 16. Nxf8 Kxf8 17. Bb4+ Kg8 18. Be7 Re8 19. Bd6 Qa5 20.
f4 Ng4 21. f5 Qd8 22. Rf4 Ndf6 23. c5 e5 24. dxe5 Nxe5 25. Qb3 Qc8 26. Rb4
b5 27. cxb6 axb6 28. Rxb6 Ned7 29. Rb7 c5 30. Qb5 Rh8 31. a4 Kh7 32. a5 Qd8
33. a6 Ng4 34. Rxd7 Qh4 35. Bf4 Qh2+ 36. Kf1 Ne3+ 37. Bxe3 Rxe3 38. Ne2
Rhe8 39. Rd2 R8e4 40. Ng1 Qg3 41. Rf2 Rh4 42. a7 Rh1 43. Qc6 f6 44. Qxf6
gxf6 45. a8=Q Re7 46. Qd8 Qe5 47. Rd1 Qe4 48. Qd5 Qh4 49. g3 Qxh5 50. Qf3
Qh3+ 51. Qg2 Qh5 52. g4 Qh4 53. Rfd2 h5 54. Rd7 Rxd7 55. Rxd7+ Kh6 56. Qd2+
Qg5 57. Qxg5+ 1-0

[Event "Najdorf 2017"]
[Site "Warsaw POL"]
[Date "2017.07.11"]
[Round "3.7"]
[White "Indjic, Aleksandar"]
[Black "Thybo, Jesper Sondergaard"]
[Result "1-0"]
[WhiteElo "2575"]
[BlackElo "2465"]

1. d4 Nf6 2. Bg5 d5 3. Nd2 e6 4. e3 c5 5. c3 Be7 6. Bd3 O-O 7. f4 Nbd7 8.
Ngf3 b6 9. Ne5 Bb7 10. Qf3 Nxe5 11. dxe5 Nd7 12. Qh3 g6 13. Bh6 Re8 14. Nf3
f5 15. g4 Kh8 16. O-O-O c4 17. Bc2 Nc5 18. Ng5 Bxg5 19. Bxg5 Qd7 20. Bf6+
Kg8 21. Rhg1 Ne4 22. gxf5 Nxf6 23. fxg6 1-0

[Event "Najdorf 2017"]
[Site "Warsaw POL"]
[Date "2017.07.11"]
[Round "3.8"]
[White "Sadzikowski, Daniel"]
[Black "Das, Sayantan"]
[Result "1-0"]
[WhiteElo "2563"]
[BlackElo "2399"]

1. e4 c5 2. Nf3 d6 3. d4 cxd4 4. Nxd4 Nf6 5. Nc3 a6 6. h3 e5 7. Nde2 b5 8.
Ng3 Be6 9. Bg5 Nbd7 10. Nh5 Qa5 11. Bxf6 Nxf6 12. Nxf6+ gxf6 13. Bd3 b4 14.
Nd5 Bxd5 15. exd5 Qxd5 16. O-O Rg8 17. g3 Qc6 18. c4 Be7 19. Bxh7 Rg7 20.
Qd3 Rc8 21. Bf5 Qxc4 22. Rac1 Qxc1 23. Rxc1 Rxc1+ 24. Kg2 Rg8 25. h4 Kf8
26. Qxa6 d5 27. Qa8+ Kg7 28. Qxd5 Rd8 29. Qb7 Kf8 30. h5 Bc5 31. h6 Rd2 32.
Qa8+ Ke7 33. h7 Rxf2+ 34. Kh3 1-0

[Event "Najdorf 2017"]
[Site "Warsaw POL"]
[Date "2017.07.11"]
[Round "3.9"]
[White "Puranik, Abhimanyu"]
[Black "Dziuba, Marcin"]
[Result "1-0"]
[WhiteElo "2479"]
[BlackElo "2561"]

1. e4 c5 2. Nf3 d6 3. d4 cxd4 4. Nxd4 Nf6 5. Nc3 a6 6. Be3 e5 7. Nf3 Be7 8.
Bc4 O-O 9. O-O Qc7 10. Qe2 b5 11. Nd5 Qxc4 12. Nxe7+ Kh8 13. Qxc4 bxc4 14.
Rfd1 Be6 15. Ng5 Re8 16. Nf5 Bxf5 17. Nxf7+ Kg8 18. Nxd6 Bxe4 19. Nxe8 Nxe8
20. Rd8 Kf7 21. Rad1 a5 22. f3 Bc6 23. Rc8 c3 24. bxc3 Bb7 25. Rc5 Ke6 26.
Rb1 Nd6 27. Rc7 Nd7 28. Rcxb7 Nxb7 29. Rxb7 Rc8 30. Bd2 Rc4 31. Kf2 Ra4 32.
Rb2 e4 33. fxe4 Nc5 34. Ke2 Nxe4 35. c4 Nd6 36. Rb6 Kd7 37. c5 Nc4 38. Ra6
Kc7 39. Bf4+ Kb7 40. Re6 1-0

[Event "Najdorf 2017"]
[Site "Warsaw POL"]
[Date "2017.07.11"]
[Round "3.10"]
[White "Krzyzanowski, Marcin"]
[Black "Kovalev, Vladislav"]
[Result "1/2-1/2"]
[WhiteElo "2464"]
[BlackElo "2639"]

1. e4 e5 2. Nf3 Nc6 3. Bb5 a6 4. Ba4 Nf6 5. O-O Be7 6. Re1 b5 7. Bb3 d6 8.
c3 O-O 9. h3 Bb7 10. d4 Re8 11. Ng5 Rf8 12. Nf3 Nd7 13. Nbd2 exd4 14. cxd4
Na5 15. Bc2 Re8 16. Nf1 Bf6 17. Rb1 c5 18. d5 Nc4 19. b3 Nce5 20. N3h2 Ng6
21. Ne3 Bc3 22. Bd2 Bxd2 23. Qxd2 Nf6 24. Nf5 a5 25. f4 b4 26. Ng4 Bc8 27.
Nxd6 Qxd6 28. e5 Qb6 29. exf6 Bxg4 30. hxg4 c4+ 31. Qf2 Qxf2+ 32. Kxf2 cxb3
33. Rxe8+ Rxe8 34. Bxb3 Nxf4 35. fxg7 Kxg7 36. Rd1 Kf6 37. d6 Ra8 38. d7
Ke7 39. Bxf7 Ng6 40. Be6 a4 41. Bf5 Kd8 42. Rc1 Ne7 43. Be6 Rb8 44. Ke2 b3
45. axb3 axb3 46. Rf1 Kc7 47. Rc1+ Kd8 48. Rf1 Kc7 1/2-1/2